| 000 | 00363nam a22001457a 4500 | ||
|---|---|---|---|
| 008 | 230201b |||||||| |||| 00| 0 eng d | ||
| 020 | _a978-81-7599-419-5 | ||
| 082 | _a822.33 SHA | ||
| 100 | _aWilliam Shakespeare | ||
| 245 |
_aMacbeth _cWilliam Shakespeare |
||
| 260 |
_bPrakash Book Depot _c2015 |
||
| 300 |
_a159 _c19.7cm |
||
| 942 | _2ddc | ||
| 999 |
_c9266 _d9267 |
||